000 00862nam a2200265Ia 4500
003 OSt
005 20220930072626.0
006 a|||||r|||| 00| 0
007 ta
008 220926b |||||||| |||| 00| 0 eng d
024 _a24672
037 _cTheses
040 _aCRL
_cCRL
_beng
041 _2eng
_aeng
100 _aPramod Kumar
110 _aUniversity of Delhi. Faculty of Medical Sciences. Department of Surgery
245 0 _aAmoebic liver abscess
_b A clinical study with special reference to evaluation of medical management and needle aspiration
260 _c1997
300 _a56p.
_ap.
_ccm.
650 _aSURGERY
700 _a Dr N C Bose Supervisor
_9530169
700 _aUniversity of Delhi. Faculty of Medical Sciences. Department of Surgery
942 _cDIS
_2CC
999 _c864129
_d864129